000 00537nab a2200145Ia 4500
003 ES-SlBCS
005 20210601134126.0
008 140529s2012 xxu||||| |||| 00| 0 por d
041 _apor
100 1 _aAparecido Silva, Heraldo
_9213883
245 0 2 _aA filosofia da educaçao de Richard Rorty: epistemologia, conversaçao, redescriçoes, narrativas e as funçoes da educaçao
_c Heraldo Aparecido Silva
650 0 4 _aPragmatismo
_992328
773 0 _tEducaçao e Filosofia
_gvol. 26, nº. 52, 2012, págs. 509-526
_wRev1534
942 _cAR
999 _c607481
_d607481